000 01044nam a22003610a 4500
001 PT19924
003 AR-LpoUNG
005 20210131232907.0
008 191001s1980||||ag |||||||||||||||||spa d
040 _aAR-LpoUNG
_bspa
_cAR-LpoUNG
_eaacr
041 _aspa
044 _aag
082 0 _a982.063 847pad
100 1 _aLonardi, Marta
245 1 0 _aMi padre y la revolución del 55
250 _a1ª edición
260 _aBuenos Aires :
_bCuenca del Plata,
_c1980.
300 _a306 p. :
_bil.
520 _aUn relato sobre la actuación del Gral. Lonardi en la Revolución Libertadora construido a partir de una investigación de su hija Marta.
650 4 _aANALISIS HISTORICO
650 4 _aARGENTINA
650 4 _aASPECTOS POLITICOS
650 4 _aCONFLICTOS POLITICOS
650 4 _aCRISIS POLITICA
650 4 _aGOBIERNO MILITAR
650 4 _aGOLPES DE ESTADO
650 4 _aHISTORIA
650 4 _aHISTORIA POLITICA
650 4 _aPROBLEMAS POLITICOS
651 4 _aArgentina
905 _a19924
942 _cLIB
999 _c18037
_d18037